000 00680cam a22002171a 4500
001 ne 63002570
003 DLC
005 20260227111753.0
008 920610s1963 ua b 000 0 ararc
010 _ane 63002570
035 _a(OCoLC)25982778
040 _aPrinceton Univ. Libr. for DLC
_cMWalB
_dMWalB
_dDLC
042 _apremarc
050 0 0 _aKRM2250
_b.J37 1963
100 1 _aJarf, Ṭuʻaymah ʻAbd al-Ḥamīd,
_d1925-
245 1 0 _aMabdaʻ al-mashrūʻīyah /
_cṬuʻaymah al-Jarf.
260 _a[al-Qāhirah] :
_bMaktabat al-Qāhirah al-Ḥadīthah,
_c1963.
300 _a302 p. ;
_c24 cm.
504 _aIncludes bibliographical references.
650 0 _aState, The.
999 _c46501
_d46501